000 00537nam a22001937a 4500
003 KOHA_MİRAKIL
005 20250417181616.0
008 250417b tu ||||| |||| 00| 0 tur d
020 _a9786059203425
040 _aTR-AnABB
_btur
_cTR-AnABB
041 _atur
082 _a892.736
_bWAZ 2017
100 1 _aWazen, Abdo,
245 1 0 _aHavanın rengini gören çocuk /
_cAbdo Wazen
260 _aİstanbul :
_bDedalus Kitap,
_c2017
300 _a112 sayfa ;
_c20 cm
650 0 4 _aLübnan edebiyatı, roman
942 _2ddc
_cBK
999 _c8788
_d8788
900 _bGizem YORULMAZ